Newcastle United Squad 17-18 - Statistics

General Stats
  • This quiz has been taken 68 times
  • The average score is 17 of 24
Answer Stats
Squad No. Position Player % Correct
8 CM Jonjo Shelvey
95%
17 SS/ST Ayoze Perez
91%
26 GK Karl Darlow
91%
3 LB/CB Paul Dummett
91%
2 CB/LB Ciaran Clark
89%
6 CB Jamaal Lascelles
89%
12 GK Martin Dubravka
87%
1 GK Rob Elliot
84%
22 RB DeAndre Yedlin
82%
9 ST Dwight Gayle
82%
19 RB/LB Javier Manquillo
82%
14 CM/DM Isaac Hayden
80%
11 RW/LW Matt Ritchie
80%
21 ST Joselu
75%
20 CB Florian Lejeune
73%
30 RW/LW Christian Atsu
69%
10 CM/AM Mohamed Diame
64%
7 RW/LW Jacob Murphy
60%
15 LW/LB Kenedy
49%
27 RB/LB Jesus Gamez
42%
23 CM/DM Mikel Merino
42%
18 CB/RB/LB Chancel Mbemba
38%
13 ST Islam Slimani
36%
25 LB Massadio Haidara
31%
No matching quizzes found
Score Distribution
Percent of People with Each Score
Percentile by Number Answered
Your Score History
You have not taken this quiz